000
00337nam a22001097a 4500
003
SGT
082
_a
080
_b
G06V
100
_a
वर्मा, पवन कुमार
245
_a
गगनांचाल
260
_b
भारतीय सांस्कृतिक सम्बन्ध परिषद्
_c
2006
942
_2
ddc
_c
BK
999
_c
31447
_d
31447